| 000 | 00530nam a22001697a 4500 | ||
|---|---|---|---|
| 005 | 20251108165235.0 | ||
| 008 | 250721s1957 xx 000 0 ara d | ||
| 082 | 1 | 4 | _a922.943/بوذ |
| 100 | 1 | _aعبد القادر، حامد | |
| 245 | 1 | 0 |
_aبوذا الأكبر : _bحياته و فلسفته / |
| 264 | 1 |
_aمصر : _bمكتبة نهضة مصر، _c1957. |
|
| 300 | _a168ص | ||
| 490 | 0 | _aسلسلة قادة الفكر في الشرق و الغرب ؛ 8 | |
| 650 | 1 | 7 | _aالبوذية |
| 942 |
_2ddc _cBK |
||
| 999 |
_c22982 _d22982 |
||